ABC of Radio journalism (Record no. 178951)
[ view plain ]
| 000 -LEADER | |
|---|---|
| fixed length control field | 00658 a2200181 4500 |
| 003 - CONTROL NUMBER IDENTIFIER | |
| control field | ASAB |
| 005 - DATE AND TIME OF LATEST TRANSACTION | |
| control field | 20170706134259.0 |
| 008 - FIXED-LENGTH DATA ELEMENTS--GENERAL INFORMATION | |
| fixed length control field | 170706b xxu||||| |||| 00| 0 eng d |
| 040 ## - CATALOGING SOURCE | |
| Transcribing agency | ASAB |
| 082 ## - DEWEY DECIMAL CLASSIFICATION NUMBER | |
| Classification number | 070.194 |
| 100 ## - MAIN ENTRY--PERSONAL NAME | |
| Personal name | Sheikh,Mughees-ud-Din |
| 9 (RLIN) | 3166 |
| 245 ## - TITLE STATEMENT | |
| Title | ABC of Radio journalism |
| Statement of responsibility, etc. | Mughees-Ud-Din Sheikh |
| 260 ## - PUBLICATION, DISTRIBUTION, ETC. | |
| Place of publication, distribution, etc. | Lahore |
| Name of publisher, distributor, etc. | Ilmi Kitab |
| Date of publication, distribution, etc. | 2008 |
| 300 ## - PHYSICAL DESCRIPTION | |
| Extent | 80 p; |
| 505 ## - FORMATTED CONTENTS NOTE | |
| Formatted contents note | Broadcasting History (Page-10), Journalism Goes On The Air (Page-15), Radio Writing (Page-25), Radio Bulletins (Page-31), Scripting Newscast (Page-43), PBC & Its News Presentation (Page-57), The Interview (Page-71) |
| 538 ## - SYSTEM DETAILS NOTE | |
| System details note | Almirah No.47 Shelf No.1 |
| 600 ## - SUBJECT ADDED ENTRY--PERSONAL NAME | |
| Personal name | Mughees-Ud-Din Sheikh |
| 9 (RLIN) | 3167 |
| 650 ## - SUBJECT ADDED ENTRY--TOPICAL TERM | |
| Topical term or geographic name entry element | ABC Of Radio Journalism |
| 9 (RLIN) | 3168 |
| 942 ## - ADDED ENTRY ELEMENTS (KOHA) | |
| Source of classification or shelving scheme | |
| Koha item type | Book |
| Withdrawn status | Lost status | Source of classification or shelving scheme | Damaged status | Not for loan | Collection code | Permanent Location | Current Location | Date acquired | Total Checkouts | Full call number | Barcode | Date last seen | Price effective from | Koha item type |
|---|---|---|---|---|---|---|---|---|---|---|---|---|---|---|
| Atta-ur-Rahman School of Applied Biosciences (ASAB) | Atta-ur-Rahman School of Applied Biosciences (ASAB) | 07/06/2017 | 070.194 SHE | ASAB429 | 07/06/2017 | 07/06/2017 | Book | |||||||
| Atta-ur-Rahman School of Applied Biosciences (ASAB) | Atta-ur-Rahman School of Applied Biosciences (ASAB) | 07/06/2017 | 070.194 SHE | ASAB430 | 07/06/2017 | 07/06/2017 | Book |
